| 000 | 00501nam a22001817a 4500 | ||
|---|---|---|---|
| 003 | OSt | ||
| 005 | 20140310183632.0 | ||
| 008 | 130704t xxu||||| |||| 00| 0 eng d | ||
| 020 | _a0851121020 | ||
| 050 |
_aAG 243 _b.G87 2003 |
||
| 245 | _aGuinness world records 2003 / | ||
| 260 |
_aLondon : _bGuiness World Records, _c2003. |
||
| 300 |
_a288 p. : _bill. col. ; _c31 cm. |
||
| 520 | _a1. Almanacs. 2. Curiosities and comedies | ||
| 650 | _aWorld records. | ||
| 942 |
_2lcc _cBK |
||
| 999 |
_c25621 _d25621 |
||